MDQL
is popping MORE tags! Check the
thread
!
Quizzes
Events
Quiz Creation
Community
Videos
Private Events
Remove Ads
Sign In
Join for FREE
Feedback
Dark Mode
Quiz Categories
Sports
Geography
Music
Movies
Television
Just For Fun
Miscellaneous
History
Literature
Language
Science
Gaming
Entertainment
Religion
Holiday
For Kids
Quiz Lab
Recent
Popular Today
Quiz Kudos Today
Editor Picks
Curator Picks
Quizzes by...
Day
Popularity
Type
Ratings
Length
Year
Community
Subscriptions
Recent Discussions
Orange Saloon
Badges
Playlists
Quests
Create
Leaderboards
Showdown
Live 5
Trivia Bingo
Activity
Puzzle Library
Sporcle Events
Private Events
Virtual Trivia
Globe League
Become a Host
Pub Owners
SporcleCon
Opinionation
Our Games
Videos
Blog
Mobile Apps
Partnerships
Remove Ads and Go Orange
Feedback
Sports
Athletes
MLB
NBA
NHL
NFL
Soccer
Sports Teams
WWE
NCAA
Football
Premier League
Basketball
Baseball
Hockey
Golf
Tennis
Cricket
Rugby
Auto Racing
Olympics
World Cup
Sports
Athletes
MLB
NBA
NHL
NFL
Soccer
Sports Teams
WWE
NCAA
Football
Premier League
Basketball
Baseball
Hockey
Golf
Tennis
Cricket
Rugby
Auto Racing
Olympics
World Cup
Random Quiz
Search Sporcle
×
Quiz Lab
Quiz Lab
Sports
College
Type in answers that appear in a list
Type in answers that appear in a list
Classic
Best Score? Go Orange.
Can you name the Nba number 1 draft picks all time? Stats
Can you name the Nba number 1 draft picks all time?
By
baller51
17m
68 Questions
346 Plays
346 Plays
346 Plays
Comments
Comments
Give Quiz Kudos
Give Quiz Kudos
-
- Ratings
hide this ad
Replay
Link that replays current quiz
Next Quiz
Link to next quiz in quiz playlist
You Got
0%
They Got
Avg Score
36%
Avg Friend Score
Upgrade to see
Score Distribution
Jump to the score distribution portion of the page
Score
0/68
Timer
17:00
0
Plays Today
Year
Player Name
% Correct
2003
Lebron James
94.2%
2012
Anthony Davis
84.1%
2014
Andrew Wiggins
83.5%
2011
Kyrie Irving
81.2%
2013
Anthony Bennett
78.8%
2009
Blake Griffin
78.8%
2008
Derrick Rose
77.7%
2002
Yao Ming
76.5%
2007
Greg Oden
72.8%
2010
John Wall
71.9%
1997
Tim Duncan
71.9%
1992
Shaquille O'neal
70.1%
2004
Dwight Howard
69.6%
1991
Larry Johnson
68.4%
1996
Allen Iverson
67.8%
1979
Earvin 'Magic' Johnson
67%
1984
Hakeem Olajuwon
65.8%
1985
Patrick Ewing
62.6%
2005
Andrew Bogut
60.6%
2001
Kwame Brown
60.3%
1993
Chris Webber
56.2%
1987
David Robinson
55.7%
2006
Andrea Bargnani
53.3%
1994
Glen Robinson
51.3%
2000
Kenyon Martin
49.9%
1982
James Worthy
46.4%
1972
LaRue Martin
44.9%
1995
Joe Smith
44.9%
1999
Elton Brand
43.5%
1983
Ralph Sampson
40%
1974
Bill Walton
38.8%
1998
Michael Olowokandi
38.3%
1988
Danny Manning
35.4%
1960
Oscar Robertson
34.8%
Year
Player Name
% Correct
1990
Derrick Coleman
33%
1966
Cazzie Russell
30.7%
1969
Kareem Abdul Jabbar
27.2%
1975
David Thompson
25.8%
1978
Mychal Thompson
24.9%
1968
Elvin Hayes
24.3%
1986
Brad Daugherty
24.1%
1989
Pervis Ellison
23.8%
1981
Mark Aguirre
22.3%
1958
Elgin Baylor
22%
1971
Austin Carr
21.2%
1973
Doug Collins
16.5%
1980
Joe Barry Carroll
16.5%
1970
Bob Lanier
14.2%
1976
John Lucas
13.9%
1977
Kent Benson
12.8%
1967
Jimmy Walker
10.1%
1956
Sihugo Green
7.5%
1961
Walt Bellamy
5.8%
1959
Bob Boozer
4.3%
1957
Rod Hundley
3.8%
1947
Clifton McNeely
3.5%
1954
Frank Selvy
2.9%
1948
Andy Tonkovich
2.6%
1950
Charlie Share
2.6%
1953
Ray Felix
2.6%
1964
Jim Barnes
2.6%
1949
Howie Shannon
2.3%
1952
Mark Workman
2.3%
1955
Dick Ricketts
2.3%
1963
Art Heyman
2.3%
1962
Bill Mcgill
1.4%
1965
Fred Hetzel
1.4%
1951
Gene Melchiorre
0.3%
Quiz Playlist
Details
Report
Send in Message
Add To Playlist
Classic:
Type in answers that appear in a list
Quiz Source
Last Updated: Feb 16, 2017
Quiz Scoreboard
CHALLENGE
Sign Up to Join the Scoreboard
Show All
Scores
Hide
Comments
May contain spoilers
Recently Published
1-10 Letter E Words III
by El_Dandy
Language
2m
Street Fighter Characters
by Artimus82
Gaming
60s
College Basketball Coaching Resumes
by pancakes188
Sports
9m
More to Explore
Quiz From the Vault
Featured Blog Post
Where Did the Easter Bunny Come From?
hide this ad
You Might Also Like...
Tags
College Quiz
NBA Quiz
Draft
Player
team
Today's Top Quizzes in Sports
Browse Sports
hide this ad
Today's Top Quizzes in College
Browse College
Top Contributed Quizzes in Sports
1
2022 World Cup Stars
2
Les meilleurs buteurs des matchs entre le PSG et l’OM
3
FIFA Club World Cup Champions
4
Les entraîneurs de l'OM et du PSG au 21e siècle
5
Criteria MLB: Left Handed Sluggers
6
2023 MLB Unique Player Accomplishments
7
AFC Teams Reveal (Wrong Answers Minefield)
8
Players with Multiple 50 Home Run Seasons
9
5-to-1: FBS Animal Nicknames
10
5-to-1: UK Sports Teams
Explore More
Trending Topics
Kpop
Marvel
Disney
NBA
Harry Potter
Crossword
Anime
WWE
Song
Country
Pokémon
Puzzle
The Office
Soccer
NFL
hide this ad
More By:
baller51
Quiz
Plays
Rating
Category
Featured
Created
Can you name the Nba number 1 draft picks all time?
346
Sports
Jul 21, 2014
Nba player most blocks in his career
57
2.00
Sports
Jul 23, 2014
Who Owns What NCAA Record? (FBS)
31
3.00
Sports
Jul 23, 2014
Go to Creator's Profile
Score Distribution
Quiz Creator Spotlight
baller51
Follow
Send a Message
Quizzes Created
-
Created Quiz Play Count
-
More By This Creator
Popular Quizzes Today
1
Find the US States - No Outlines Minefield
2
Find the Countries of Europe - No Outlines Minefield
3
The Countries of the World
4
Find the US States
5
Risky Map Clicking: Biggest States A-Z
6
US States
7
Popular People in 1961
8
Movies - When Are They Set?
More Sports Quizzes
Draw the Golden Knights Logo
Quiz Lab
Trending Quizzes
Risky Map Clicking: Least Populous States A-Z
Billboard Blitz: Aretha Franklin
Famous Russians: Author or Composer?
1-10 Letter G Words
Countries of the World: 200 Million BC
Recently Updated
Leaping Animals
pecheneg
Reality TV Shows (A-Z)
bhenderson79
Rickey Henderson's Hall of Fame Teammates
pecheneg
Champions League XIs: Arsenal
pecheneg
Quick Pick: Celebrities in WWE's Hall of Fame
aduchscher
A-Z Keypad Blitz II
pecheneg
Multiple Oscar Actors
pecheneg
Mystery Phrase Blitz: Oscar 'Best Actors'
pecheneg
F. Scott Fitzgerald Novels
LTH
Pick 3 Villains
ddd62291
Trending Topics
Harry Potter
Anime
NBA
Disney
Marvel
Crossword
Kpop
WWE
Soccer
Pokémon
The Office
Country
Song
NFL
Puzzle
Your Account Isn't Verified!
In order to create a playlist on Sporcle, you need to verify the email address you used during registration. Go to your
Sporcle Settings
to finish the process.
Report this User
Report this user for behavior that violates our
Community Guidelines
.
Details:
Send Report
Go to the Sporcle.com Mobile Site →
Comments